[Event "FICGS class E 000139 email"]
[Site "FICGS email"]
[Date "2011.06.10"]
[Round "1"]
[White "Zalinski, Alexis"]
[Black "Piantadosi, Angelo"]
[Result "1-0"]
[WhiteElo "1391"]
[BlackElo "1306"]
[PlyCount "65"]
[EventDate "2011.??.??"]
[EventType "tourn (corr)"]
[EventRounds "6"]
[SourceTitle "Corr 2013"]
[Source "ChessBase"]
[SourceDate "2012.11.12"]
[SourceVersion "1"]
[SourceVersionDate "2012.11.12"]
[SourceQuality "1"]

1. f4 d5 2. Nf3 c5 3. b3 Nc6 4. Bb2 Nf6 5. e3 e6 6. Bb5 Bd7 7. 0-0 Bd6 8. Nc3 a6 9. Bxc6 Bxc6 10. Ne2 0-0 11. Ng3 Ne4 12. Qe1 Nxg3 13. Qxg3 f6 14. a4 b5 15. axb5 axb5 16. Rxa8 Qxa8 17. Ra1 Qb7 18. d3 b4 19. Nd2 Qc7 20. c4 e5 21. fxe5 Bxe5 22. Bxe5 Qxe5 23. Qxe5 fxe5 24. Ra6 Bb7 25. Rb6 Ba8 26. Rb5 Rc8 27. cxd5 Bxd5 28. e4 Be6 29. Nc4 Rd8 30. Rxc5 Rxd3 31. Nxe5 h6 32. Nxd3 Bxb3 33. Nxb4 1-0

[Event "FICGS class D 000167 email"]
[Site "FICGS email"]
[Date "2011.03.13"]
[Round "1"]
[White "Harris, Ross"]
[Black "Zalinski, Alexis"]
[Result "1-0"]
[WhiteElo "1458"]
[BlackElo "1506"]
[PlyCount "63"]
[EventDate "2011.??.??"]
[EventType "tourn (corr)"]
[EventRounds "5"]
[SourceTitle "Corr 2013"]
[Source "ChessBase"]
[SourceDate "2012.11.12"]
[SourceVersion "1"]
[SourceVersionDate "2012.11.12"]
[SourceQuality "1"]

1. d4 f5 2. Nf3 Nf6 3. Bf4 g6 4. e3 Bg7 5. Nbd2 0-0 6. Bd3 a6 7. a4 d6 8. 0-0 Qe8 9. Re1 Nbd7 10. Bc4+ Kh8 11. Ng5 Nb6 12. Bb3 h6 13. Ngf3 Nh5 14. c3 e5 15. dxe5 dxe5 16. Bg3 Nxg3 17. hxg3 e4 18. Nd4 c5 19. Ne2 Be6 20. Nf4 Bf7 21. a5 Nd7 22. Nc4 Rd8 23. Nd6 Ne5 24. Nxe8 Rxd1 25. Bxd1 g5 26. Nxg7 Kxg7 27. Nh3 Nd3 28. Re2 Bc4 29. Rd2 Rd8 30. b3 Bf7 31. c4 Rd7 32. Be2 1-0